Confrontational politics in india / (Record no. 123634)
[ view plain ]
| 000 -LEADER | |
|---|---|
| fixed length control field | 00840nam a22002537a 4500 |
| 005 - DATE AND TIME OF LATEST TRANSACTION | |
| control field | 20170124105928.0 |
| 010 ## - LIBRARY OF CONGRESS CONTROL NUMBER | |
| LC control number | A-371751 |
| 020 ## - INTERNATIONAL STANDARD BOOK NUMBER | |
| Terms of availability | 00 |
| International Standard Book Number | 8171690157 |
| 035 ## - SYSTEM CONTROL NUMBER | |
| System control number | A-371751 |
| 037 ## - SOURCE OF ACQUISITION | |
| Source of stock number/acquisition | Cen Lib/Ret |
| 040 ## - CATALOGING SOURCE | |
| Original cataloging agency | DPL |
| Language of cataloging | EN |
| 082 ## - DEWEY DECIMAL CLASSIFICATION NUMBER | |
| Classification number | 320.954 |
| Item number | GUP |
| 245 ## - TITLE STATEMENT | |
| Title | Confrontational politics in india / |
| Statement of responsibility, etc | edited by A.L. Gupta, R.C. Saini [and] R.K. Gupta |
| 260 ## - PUBLICATION, DISTRIBUTION, ETC. (IMPRINT) | |
| Place of publication, distribution, etc | Commonwealth Publishers |
| Name of publisher, distributor, etc | New Delhi |
| Date of publication, distribution, etc | 1989 |
| 270 ## - ADDRESS | |
| City | New Delhi |
| Address | 4378/4B, Gali-Murarilal, Ansari Road Dariya Ganj |
| Postal code | 110002 |
| 300 ## - PHYSICAL DESCRIPTION | |
| Extent | xv, 327p. |
| Dimensions | 20cm(Hb) |
| 500 ## - GENERAL NOTE | |
| General note | Includes bibliographical references and index |
| 650 ## - SUBJECT ADDED ENTRY--TOPICAL TERM | |
| Topical term or geographic name as entry element | Political sciences |
| Chronological subdivision | India |
| 9 (RLIN) | 7308 |
| 650 ## - SUBJECT ADDED ENTRY--TOPICAL TERM | |
| Topical term or geographic name as entry element | Federalism |
| 9 (RLIN) | 109708 |
| 700 ## - ADDED ENTRY--PERSONAL NAME | |
| Personal name | Gupta, A.L. |
| 9 (RLIN) | 7311 |
| 700 ## - ADDED ENTRY--PERSONAL NAME | |
| Personal name | Saini, R.C. |
| 9 (RLIN) | 7312 |
| 700 ## - ADDED ENTRY--PERSONAL NAME | |
| Personal name | Gupta R.K. |
| 9 (RLIN) | 7313 |
| 942 ## - ADDED ENTRY ELEMENTS (KOHA) | |
| Source of classification or shelving scheme | Dewey Decimal Classification |
| Koha item type | English Books |
| Classification part | 320.954 |
| Call number suffix | GUP |
| Withdrawn status | Lost status | Damaged status | Not for loan | Home library | Current library | Date acquired | Source of acquisition | Cost, normal purchase price | Total Checkouts | Full call number | Barcode | Date last seen | Copy number | Cost, replacement price | Price effective from | Koha item type | Public note |
|---|---|---|---|---|---|---|---|---|---|---|---|---|---|---|---|---|---|
| Written off | Central Library | Central Library | 09/06/2015 | Cen Lib/Ret | 0.00 | 320.954 GUP | A-371751 | 09/06/2015 | 1 | 0.00 | 15/09/2016 | English Books | W/d List No. 6871/7 ; dtd 13/08/2020 |
